Filozofia krásna v nadlackom nárečí

Bibliographic Details
Main Author: Kerďo, Ján (Author)
Format: Article
Language:Slovak
ISBN:8070907924
Subjects:

MARC

LEADER 00000nab a2200000 ar4500
001 vtls008877490
003 SK-MaSNL
005 20260303190731.0
008 000000c2005 xo |r|p|||||||000 b|slo
015 |a SNBRA2006/02  |2 snkbucl 
038 |a SNKBUCL 
040 |a SNKBUCL  |b slo  |c SNKBUCL  |e AACR2 
041 1 |a slo 
044 |a xo  |c SK 
080 |a 811.162.4'282:111.85  |x (498)  |2 2001 
080 |a 111.85  |2 2001 
080 |a 323.113(=162.4)(498)  |2 2001 
080 |a 316.022.4(=162.4)(498)  |2 2001 
100 1 |a Kerďo, Ján  |4 aut  |9 5971 
245 1 0 |a Filozofia krásna v nadlackom nárečí  |c Ján Kerďo 
504 |a Bibliogr. odkazy 
650 0 7 |a Slováci v zahraničí  |2 snkbucl  |9 14695 
650 0 7 |a krásno (filozofia, estetika)  |2 snkbucl  |9 104261 
650 0 7 |a slovenčina  |2 snkbucl  |9 1350 
650 0 7 |a dialekty  |2 snkbucl  |9 19030 
651 7 |a Nadlak (Rumunsko)  |2 snkbucl  |9 56244 
773 0 |t Slováci v zahraničí 22  |d Martin : Matica slovenská, 2005  |g S. 97-99  |z 8070907924 
852 |a SNK  |b KIS3GCP 
958 |a NB 
958 |a SK 
958 |a RO 
999 |c 2137751  |d 2139681